000 00274nam a2200121Ia 4500
100 _aDistefano/J.J
942 _cBK
654 _afeedback
245 _aProblems of feedback and control system
260 _bMcGraw Hill
_aNew York
_c1976
300 _a371
546 _aENGLISH
999 _c22518
_d22518